000 01418cam a22003617a 4500
003 CHAP
005 20220329142946.0
008 050420d1989 mx r 00110 spa d
010 _a90147
011 _a91119
020 _a9688562246
035 _a101677
040 _cCHAP
082 0 4 _a382.0972
_bL4
100 0 0 _aLerman Alperstein, Aída.
_966302
245 1 0 _aComercio exterior e industria de transformación en México 1910 - 1920
_c/por Aída Lerman Alperstein
260 _aMéxico, D.F. :
_bUniversidad Autónoma Metropolitana. Unidad Xochimilco,
_c1989.
300 _a182 p.
590 _aBATCH-UPD
_b10
_c20130110
_lUCH01
_h1621
590 _aBATCH-UPD
_b10
_c20130410
_lUCH01
_h1015
590 _aBATCH-UPD
_b10
_c20130914
_lUCH01
_h1014
590 _aCONVERSION
_b10
_c20130109
_lUCH01
_h1350
650 1 4 _aComercio exterior
_zMéxico.
_925638
650 1 4 _aComercio
_xHistoria
_xMéxico.
_925612
650 1 4 _aIndustria
_xMéxico.
_957751
901 _aBK
905 _aAlejandra Carrasco M.
942 _cLIBRO
949 _a382,0972 L4
_bBC
_cLIBRO
_d33724000798823
_eLIBRO
_h105328
_i101677
_sb
_t$ 70.00
949 _a382,0972 L4
_bBC
_cLIBRO
_d33724000979076
_eLIBRO
_fc.4
_gI.c/e
_h106669
_i101677
_sb
_t$ 70.00
949 _a382,0972 L4
_bBC
_cLIBRO
_d33724000979134
_eLIBRO
_fc.3
_gI.c/e
_h106668
_i101677
_sb
_t$ 70.00
949 _a382,0972 L4
_bBC
_cLIBRO
_d33724000979191
_eLIBRO
_fc.2
_gI.c/e
_h106667
_i101677
_sb
_t$ 70.00
999 _c90147
_d90147